000 00471nam a2200169Ia 4500
999 _c1462
_d1462
003 OSt
005 20200923144245.0
008 190216s9999||||xx |||||||||||||| ||und||
040 _coclc
082 _a576
_bBIS/H
100 _aBisen, P S
_94894
245 0 _aHandbook Of Microbiology /
_cP S Bisen ; Kavita Verma
260 _bCbs Publishers,
_c1996.
_aNew Delhi:
300 _a199p
650 _aBotany
942 _cBK
_2ddc
_h576
_iBIS/H
_k576
_mBIS/H